000 00967nam a2200277 i 4500
001 bg
245 0 0 _aPraktyka kierowania :
_bjak kierować sobą, innymi i firmą : praca zbiorowa /
_cpod red. Dorothy M. Stewart ; przeł. [z ang.] Andrzej Ehrlich.
246 _iTyt. oryg.:
_aHandbook of management skills
260 _aWarszawa :
_bPaństwowe Wydawnictwo Ekonomiczne,
_c1994
_e(Płońsk :
_fDSP).
300 _a612, [4] s. :
_brys., wykr. ;
_c24 cm.
500 _aOryg. : "Handbook of management skills" 1992.
504 _aIndeks.
650 9 _aZarządzanie
_xpsychologia
650 9 _aPrzedsiębiorstwo
_xorganizacja
_xmetody
655 _aPoradniki
700 1 _aEhrlich, Andrzej.
_eTł.
700 1 _aStewart, Dorothy M.
_eRed.
015 _aPB 4546/94
020 _a8320809495
040 _cBPK
041 1 _apl
_hen
080 _a658.1/.5:65.012.4:159.9-057.15
920 _a83-208-0949-5
942 _cKS
008 s pl f |000 0 pol
999 _c6614
_d6614
856 _uhttp://koha.tu.koszalin.pl/cgi-bin/koha/opac-detail.pl?biblionumber=6614
_yKatalog online BPK